Obras escogidas / (Registro nro. 7838)
[ vista simple ]
| 000 -LEADER | |
|---|---|
| fixed length control field | 01035nam a2200289Ia 4500 |
| 003 - CONTROL NUMBER IDENTIFIER | |
| control field | OSt |
| 005 - DATE AND TIME OF LATEST TRANSACTION | |
| control field | 20210505201241.0 |
| 008 - FIXED-LENGTH DATA ELEMENTS--GENERAL INFORMATION | |
| fixed length control field | 210310s1979 ck 000 0 spa d |
| 040 ## - CATALOGING SOURCE | |
| Original cataloging agency | CO-JMCR |
| Transcribing agency | CO-JMCR |
| 041 1# - LANGUAGE CODE | |
| Language code of text/sound track or separate title | spa |
| Language code of original | eng |
| 082 04 - DEWEY DECIMAL CLASSIFICATION NUMBER | |
| Classification number | 320.5315 / |
| Item number | L977o |
| Edition number | 23 |
| 100 1# - MAIN ENTRY--PERSONAL NAME | |
| Personal name | Luxemburgo, Rosa, |
| 9 (RLIN) | 15597 |
| Relator term | autora |
| 245 10 - TITLE STATEMENT | |
| Title | Obras escogidas / |
| Statement of responsibility, etc. | Rosa Luxemburgo ; introducción de Mary-Alice Waters ; [traducción de Daniel Acosta] |
| 250 ## - EDITION STATEMENT | |
| Edition statement | Segunda edición |
| 260 ## - PUBLICATION, DISTRIBUTION, ETC. | |
| Place of publication, distribution, etc. | Bogotá : |
| Name of publisher, distributor, etc. | Pluma, |
| Date of publication, distribution, etc. | 1979 |
| 300 ## - PHYSICAL DESCRIPTION | |
| Extent | 2 volúmernes ; |
| Dimensions | 18 cm. |
| 546 ## - LANGUAGE NOTE | |
| Language note | Traducido del inglés. |
| 600 #4 - SUBJECT ADDED ENTRY--PERSONAL NAME | |
| Personal name | Luxemburg, Rosa, |
| Dates associated with a name | 1870-1919 |
| General subdivision | Crítica e interpretación |
| 9 (RLIN) | 37448 |
| 650 14 - SUBJECT ADDED ENTRY--TOPICAL TERM | |
| Topical term or geographic name entry element | Socialismo |
| 9 (RLIN) | 15599 |
| General subdivision | Filosofía |
| 650 24 - SUBJECT ADDED ENTRY--TOPICAL TERM | |
| Topical term or geographic name entry element | Luchas sociales |
| General subdivision | Filosofía |
| 9 (RLIN) | 37449 |
| 650 24 - SUBJECT ADDED ENTRY--TOPICAL TERM | |
| Topical term or geographic name entry element | Economía |
| 9 (RLIN) | 37450 |
| 651 #4 - SUBJECT ADDED ENTRY--GEOGRAPHIC NAME | |
| Geographic name | Rusia |
| Form subdivision | Revolución |
| General subdivision | Historia |
| Chronological subdivision | 1917 |
| 9 (RLIN) | 37451 |
| 651 #4 - SUBJECT ADDED ENTRY--GEOGRAPHIC NAME | |
| Geographic name | Francia |
| General subdivision | Política y gobierno |
| Chronological subdivision | 1899 |
| 9 (RLIN) | 37452 |
| 700 1# - ADDED ENTRY--PERSONAL NAME | |
| Personal name | Waters, Mary-Alice, |
| Relator term | introducción |
| 9 (RLIN) | 37453 |
| 700 1# - ADDED ENTRY--PERSONAL NAME | |
| Personal name | Acosta, Daniel, |
| Relator term | traductor |
| 9 (RLIN) | 37454 |
| 942 ## - ADDED ENTRY ELEMENTS (KOHA) | |
| Source of classification or shelving scheme | Dewey Decimal Classification |
| Koha item type | Books |
| Withdrawn status | Lost status | Source of classification or shelving scheme | Damaged status | Not for loan | Collection code | Home library | Current library | Date acquired | Source of acquisition | Full call number | Barcode | Date last seen | Copy number | Koha item type | Total Checkouts | Price effective from |
|---|---|---|---|---|---|---|---|---|---|---|---|---|---|---|---|---|
| Dewey Decimal Classification | Non-fiction | Biblioteca Pública José María del Castillo y Rada | Biblioteca Pública José María del Castillo y Rada | 04/15/2018 | Donación | 320.5315 / L977o | 430003766 | 05/16/2024 | V.1 / Ej.1 | Books | ||||||
| Dewey Decimal Classification | Non-fiction | Biblioteca Pública José María del Castillo y Rada | Biblioteca Pública José María del Castillo y Rada | 04/15/2018 | Donación | 320.5315 / L977o | 430003767 | 05/16/2024 | V.2 / Ej.1 | Books | 05/05/2021 |